Bibliografía relativa a procesos de transición a la democracia y a factores de su consolidación en América Central

Na minha lista:
Detalhes bibliográficos
Autor Corporativo: Universidad de Costa Rica. Facultad de Ciencias Sociales. Instituto de Investigaciones Sociales
Formato: Texto
Publicado em: San José: UCR. FCS. IIS
Assuntos:
Tags: Adicionar Tag
Sem tags, seja o primeiro a adicionar uma tag!

MARC

LEADER 00000 a a2200000 04500
001 11572
003
040
020 |a [sin ISBN]  
022 |a [sin ISBN]  
090 |a 140000  
110 |a Universidad de Costa Rica. Facultad de Ciencias Sociales. Instituto de Investigaciones Sociales  
245 |a Bibliografía relativa a procesos de transición a la democracia y a factores de su consolidación en América Central  
260 |a San José:   |b UCR. FCS. IIS  
300 |a 250 p  
650 |a BIBLIOGRAFIAS  
650 |a DEMOCRACIA  
650 |a DEMOCRATIZACION  
650 |a POLITICA  
650 |a GOBIERNO  
999 |c 11964  |d 11964